| Поле | Название | Значение |
| |
Тип записи |
a |
| |
Библиографический уровень |
m |
| 001 |
Контрольный номер |
LIBNET\0000700452 |
| 005 |
Дата корректировки |
20201206205117.8 |
| 010 |
Индекс ISBN |
__ |
| a |
ISBN |
978-5-9502645-6-2 |
| d |
Цена |
1045-50 |
| 100 |
Данные общей обработки |
__ |
| a |
Данные общей обработки |
19180222d2015||||||| 0rusy0189 ca |
| 101 |
Язык документа |
1_ |
| a |
Язык текста |
rus |
| c |
Язык оригинала |
eng |
| 102 |
Страна публикации |
__ |
| a |
Страна публикации |
RU| |
| 102 |
Страна публикации |
__ |
| a |
Страна публикации |
RU |
| 105 |
Кодированные данные (монография) |
__ |
| a |
Кодированные данные (монография) |
a|||||||000zy |
| 200 |
Заглавие и сведения об ответственности |
1_ |
| a |
Заглавие |
Эмоции людей и собак |
| f |
Первые сведения об ответственности |
Патриция Б. МакКоннелл ; перевод с английского В. Самигуллин |
| b |
Общее обозначение материала |
Текст |
| 205 |
Сведения об издании |
__ |
| a |
Основные сведения об издании |
2-е издание |
| 210 |
Выходные данные |
__ |
| a |
Место издания |
Москва |
| c |
Издательство |
Догфренд Паблишерс |
| d |
Дата издания |
2015 |
| 215 |
Физическое описание |
__ |
| a |
Объем |
339, [1] с. |
| d |
Формат |
21 см |
| 320 |
Библиография |
__ |
| a |
Библиография |
Библиография: с. 320-339 |
| 330 |
Аннотация |
__ |
| a |
Аннотация |
Эта глубокая и многогранная книга представляет собой удивительный синтез художественного текста с научно-популярной литературой, сплав эмоционального с разумным, серьезного с забавным. Вооружившись результатами множества научных исследований, автор показывает, что столь непохожие биологические виды, как человек и собака в действительности имеют гораздо больше общего, чем различного. Нас объединяет биология, строение и функции головного мозга и как результат - пронизывающие всю нашу жизнь эмоции: страх, гнев, печаль, счастье, радость и любовь. Собаки не только способны испытывать эмоции, но и выражают их почти так же, как и люди. Научившись "читать" выражения эмоций, мы сможем хотя бы отчасти ответить на вопрос, интересующий каждого владельца: что же происходит в голове нашего лучшего друга? Это знание способно преобразить отношения человека и собаки, дать ключ к пониманию наших питомцев, помочь в тренировке и решении проблем поведения. |
| 606 |
Тематические рубрики |
__ |
| a |
Основная рубрика |
Развитие психики |
| 606 |
Тематические рубрики |
__ |
| a |
Основная рубрика |
Психология |
| 606 |
Тематические рубрики |
__ |
| a |
Основная рубрика |
Собаки |
| 606 |
Тематические рубрики |
__ |
| a |
Основная рубрика |
Сельское и лесное хозяйство |
| 610 |
Ключевые слова |
__ |
| a |
Ключевые слова |
домашние животные |
| a |
Ключевые слова |
зоопсихология |
| a |
Ключевые слова |
психология животных |
| a |
Ключевые слова |
психология собак |
| a |
Ключевые слова |
сравнительная психология |
| a |
Ключевые слова |
эмоции животных |
| a |
Ключевые слова |
эмоции собак |
| 686 |
Индексы других классификаций |
__ |
| 2 |
Код системы |
rubbks |
| a |
Классификационный индекс |
46.73 |
| 686 |
Индексы других классификаций |
__ |
| 2 |
Код системы |
rubbks |
| a |
Классификационный индекс |
88.212.2 |
| 700 |
Автор |
_1 |
| a |
Фамилия |
Макконнелл |
| b |
Имя |
П. Б. |
| g |
Полное личное имя |
Патриция Б. |
| 4 |
Код отношения |
070 |
| 702 |
Вторичная интеллектуальная ответственность |
_1 |
| a |
Фамилия |
Самигуллин |
| b |
Имя |
В. |
| 4 |
Код отношения |
Переводчик |
| 4 |
Код отношения |
730 |
| 801 |
Источник записи |
_0 |
| a |
Страна |
RU |
| b |
Организация |
Тюменская ОНБ |
| c |
Дата составления |
20180222 |
| g |
Правила каталогизации |
RCR |
| 801 |
Источник записи |
_2 |
| a |
Страна |
RU |
| b |
Организация |
Муниципальное бюджетное учреждение культуры "Централизованная библиотечная система" г. Сургут (Центральная городская библиотека им. А. С. Пушкина) |
| c |
Дата составления |
20180222 |
| 852 |
Данные о местонахождении |
__ |
| j |
Шифр хранения |
46.73 |
| i |
Авторский знак |
М 15 |
| 901 |
Тип документа |
__ |
| t |
Тип документа |
m |
| a |
Ответственный |
КиК/Котельникова |
| 903 |
Характеристики (МАРС) |
__ |
| a |
Дата передачи |
20180222 |
| 990 |
Данные о заказе (DOS) |
__ |
| j |
Количество экземпляров (DOS) |
1 |
| t |
N записи в КСУ для И/У (DOS) |
201803 |